Normal view
MARC view
- Schein, E. H.
Entry Personal Name
001 - CONTROL NUMBER
- control field: 6251
003 - CONTROL NUMBER IDENTIFIER
- control field: OSt
005 - DATE AND TIME OF LATEST TRANSACTION
- control field: 20170519084128.0
008 - FIXED-LENGTH DATA ELEMENTS
- fixed length control field: 170519|| aca||aabn | a|a d
040 ## - CATALOGING SOURCE
- Original cataloging agency: OSt
- Transcribing agency: OSt
100 ## - HEADING--PERSONAL NAME
- Personal name: Schein, E. H.
670 ## - SOURCE DATA FOUND
- Source citation: Work cat.: (OSt): Schein, E. H., Organisational psychology., 1970.

PORTAL AKMAL
E-MEL JKDM
AKMAL2U
G-BAM
u-PUSTAKA